000 00617nam a22001577a 4500
008 160504b xxu||||| |||| 00| 0 eng d
082 _22012
_aUT 0403
_bL31
100 _97528
_aLaput, Geraldine C.
245 _aClassroom discipline techniques among teachers of smart students in Digos Cental Elementary School/
_cGeraldine C. Laput, Daisy S. Ricaplaza and Jelly C. Temblor.
260 _aDigos City:
_bUMDC
_cDecember 2012.
300 _a33 pages;
_c29 cm.
650 0 _97515
_aElementary Education
_xUndergraduate thesis.
700 _97496
_aRicaplaza, Daisy S.
700 _97514
_aTemblor, Jelly C.
942 _2ddc
_cUT
999 _c2297
_d2297